An introduction to applied mathematics /

Guardado en:
Autor Principal: Jaeger, J. C. 1907-
Otros Autores: Starfield, A. M.
Formato: Libro
Idioma:English
Publicado: Oxford : Clarendon Press, 1974.
Edición:2nd ed.
Etiquetas: Agregar Etiqueta
Sin Etiquetas, Sea el primero en etiquetar este registro!
LEADER 00763cam a22002295a 4500
001 MAT.inmabb002279
008 740529s1974####enka#####b####001#0#eng#d
005 20160802174102.0
245 1 3 |a An introduction to applied mathematics /  |c by J. C. Jaeger and A. M. Starfield. 
250 |a 2nd ed. 
260 |a Oxford :  |b Clarendon Press,  |c 1974. 
300 |a xii, 504 p. :  |b il. ;  |c 23 cm. 
500 |a La 1ª ed. fue publicada en 1951. 
504 |a Incluye referencias bibliográficas a pie de página. 
510 4 |a MR,  |c 51 #12052 
020 |a 0198531516 
020 |a 0198531540 (pbk.) 
100 1 |a Jaeger, J. C.  |q (John Conrad),  |d 1907- 
700 1 |a Starfield, A. M. 
084 |a 00A69  |2 msc2000 
010 |a  74165469  
859 |h 00A69  |i J22-2  |p A-3942  |b BIB. MATEMATICA